000 00660nam a2200217 a 4500
001 000017415
005 20240412074247.0
008 100324s1944 dr 000 j spa d
040 _aDO-SdBNP
_bspa
_cBNPHU
082 _aRD863.42
_bM615c
100 1 _aMeyreles Soler, Rafael
_937745
245 1 0 _aCosas mías /
_cRafael Meyreles Soler.
260 _aCiudad Trujillo, :
_bLa Nación,
_c1944.
300 _a74 p. ;
_c24 cm.
500 _aAño del Centenario Era de Trujillo
650 0 _aCuentos dominicanos
_9176
650 0 _aPoesía dominicana
_966
650 0 _aLiteratura dominicana.
_967
910 _aValidado. Control de calidad MFF
049 _aBNPD
999 _c16940
_d16940